000 00922nas a2200313 4500
001 BR2011003358
003 BR-BrBNA
005 20231205115405.0
007 ta
008 230509b bl.|||p| |||| 00| 00por d
040 _aBR-BrBNA
_bpor
_cBiblioteca Nacional de Agricultura
041 _a(Pt)
072 _aH60
100 1 _aReis, M.R.
100 1 _aSilva, A.A.
100 1 _aCosta, M.D.
100 1 _aGuimarães, A.A.
100 1 _aFerreira, E.A.
100 1 _aSantos, J.B.
100 1 _aCecon, P.R.
245 1 _aAtividade microbiana em solo cultivado com cana-de-açúcar após aplicação de herbicidas
650 _aCANA DE AÇÚCAR
650 _aHERBICIDA
650 _aERVA DANINHA
650 _aCONTROLE QUÍMICO
773 0 _tPlanta Daninha (Brazil)
_xISSN 0100-8358
_g(Apr-Jun 2008), v. 26(2) p. 323-331
_wBR2011003358
909 _a202311
_bLúcia
_c55
_dLúcia Elande
942 _2AGRIS
_n0
_cANA
999 _c213556
_d213556